000 00419pab a2200157 454500
008 180718b2006 xxu||||| |||| 00| 0 eng d
100 _aPrasad, Chunnu
245 _aArunachal Pradesh as a factor in India - China relations
260 _c2006
300 _ap.51-55.
362 _aMay
650 _aIndia - Foreign relations - China
650 _aInternational relations
773 _aThird Concept
909 _a69672
999 _c69672
_d69672